|
|
|
|
| LEADER |
00000cam a2200000 7i4500 |
| 001 |
0000000949 |
| 005 |
20140322.0 |
| 020 |
0 |
0 |
|a 9251030421
|
| 090 |
0 |
0 |
|a FAO333.7516
|b NON 1991
|
| 245 |
0 |
0 |
|a NON-wood forest products :
|b the way ahead
|
| 260 |
0 |
0 |
|a Rome :
|b Food and Agriculture Organization of the United Nations ,
|c 1991
|
| 300 |
|
|
|a v, 37 p. :
|b ill. ;
|c 30 cm.
|
| 440 |
0 |
0 |
|a FAO fprestry paper ; 97
|
| 500 |
0 |
0 |
|a Bibliography: [p. 32-34]
|
| 650 |
0 |
0 |
|a Non-timber forest products
|
| 710 |
1 |
1 |
|a Food and Agriculture Organization of the United Nations (FAO)
|
| 998 |
|
|
|a JPSM
|
| 999 |
|
|
|a 0000001979
|b Monograph
|c Reference
|e Default branch
|
| 999 |
|
|
|a 0000005885
|b Monograph
|c Food and Agriculture Organization
|e Default branch
|